[Event "21st World Seniors"]
[Site "Rijeka CRO"]
[Date "2011.11.25"]
[Round "10.19"]
[White "Jansa,Vl"]
[Black "Kolbak,J"]
[Result "1-0"]
[WhiteElo "2478"]
[BlackElo "2262"]

1.e4 d5 2.exd5 Qxd5 3.Nc3 Qd8 4.d4 Nf6 5.Bg5 c6 6.Bc4 Bf5 7.Nf3 e6 8.Qe2 Be7
9.O-O-O O-O 10.Ne5 h6 11.Bxf6 Bxf6 12.g4 Bh7 13.f4 Qe7 14.h4 Bxe5 15.dxe5 Nd7
16.g5 Nb6 17.Bd3 Nd5 18.Bxh7+ Kxh7 19.Ne4 f5 20.exf6 gxf6 21.gxf6 Nxf6 22.Ng5+ Kh8
23.Nxe6 Rae8 24.f5 Rf7 25.Qd2 Ng8 26.Rde1 Qf6 27.Rhf1 Qxh4 28.Rh1 Qf6 29.Rh5 Ree7
30.Reh1 Rh7 31.Nf4 Rc7 32.Ng6+ Kg7 33.Rg1 Kf7 34.Qf4 Ke8 35.Re1+ Kd8 36.Re6 Qf7
37.Rh1 Kc8 38.Rhe1 b6 39.Ne5 Qh5 40.Nxc6 Rhd7 41.Re8+ Kb7 42.Rb8+ Kxc6 43.Qc4+  1-0

[Event "34th ch-GRE w"]
[Site "Athens GRE"]
[Date "2011.11.26"]
[Round "1"]
[White "Markantonaki,H"]
[Black "Iordanidou,Z"]
[Result "0-1"]
[WhiteElo "2128"]
[BlackElo "2169"]

1.e4 d5 2.exd5 Qxd5 3.Nc3 Qd6 4.d4 Nf6 5.Nf3 c6 6.Ne5 Nbd7 7.Nc4 Qc7 8.Qf3 Nb6
9.Bf4 Qd8 10.Be5 Bg4 11.Qg3 h5 12.h3 h4 13.Qf4 Be6 14.Ne3 Nbd5 15.Nexd5 Nxd5
16.Qd2 f6 17.Bh2 g6 18.Bd3 Kf7 19.Ne4 Bh6 20.f4 Qc8 21.O-O Bf5 22.Rae1 Bxe4
23.Rxe4 f5 24.Re2 Bg7 25.Bc4 Qd7 26.Rfe1 Bf6 27.Kh1 Kg7 28.a4 Rad8 29.Bb3 Rhe8
30.c4 Nc7 31.Bg1 b6 32.Bf2 c5 33.d5 Rh8 34.a5 Ne8 35.axb6 axb6 36.Re6 Nd6
37.Qc2 Qc7 38.Qe2 Ne4 39.Rxe4 fxe4 40.Qxe4 Bxb2 41.Qxe7+ Qxe7 42.Rxe7+ Kf8
43.Re6 Kf7 44.Bc2 Bf6 45.Rxb6 Rde8 46.Bxc5 Re1+ 47.Kh2 Rc8 48.Rc6 Ra8 49.Rc7+ Kg8
50.Ra7 Rc8 51.Bb6 Rxc4 52.Ra8+ Kg7 53.Ra7+ Kg8 54.Ra2 Rxf4 55.Bxg6 Be5 56.g3 Rff1
57.Kg2 hxg3 58.Re2 Rxe2+ 59.Kxf1 Rb2 60.Be3 Kg7 61.Be4 Kf6 62.h4 Rb4 63.Bg5+ Kg7
64.Bf3 Rb1+ 65.Ke2 Rb2+ 66.Kf1 Rf2+  0-1

[Event "25th Belgrade Trophy"]
[Site "Obrenovac SRB"]
[Date "2011.11.26"]
[Round "3.7"]
[White "Menkinoski,R"]
[Black "Milanovic,Da"]
[Result "0-1"]
[WhiteElo "2349"]
[BlackElo "2516"]

1.e4 d5 2.exd5 Qxd5 3.Nc3 Qd6 4.d4 Nf6 5.Nf3 g6 6.Nb5 Qb6 7.Bf4 Nd5 8.Be5 f6
9.Bg3 a6 10.c4 axb5 11.cxd5 c6 12.Bd3 cxd5 13.O-O Nc6 14.Qb3 e6 15.Bxb5 Qa5
16.a3 Kf7 17.Rac1 Bd7 18.Rfe1 Be7 19.Bd3 Qa7 20.Bb1 Rhc8 21.Qe3 Kg7 22.h4 Qb6
23.b4 Bf8 24.h5 Ne7 25.Bh4 Ng8 26.Qf4 Be7 27.hxg6 hxg6 28.Qg3 Be8 29.Qf4 Bf7
30.Qe3 Qa6 31.Rxc8 Rxc8 32.Rc1 Rc4 33.Qd2 Qxa3  0-1

[Event "Vilnius Open 2011"]
[Site "Vilnius LTU"]
[Date "2011.11.26"]
[Round "8"]
[White "Kalvaitis,S"]
[Black "Juknis,P"]
[Result "1/2-1/2"]
[WhiteElo "2252"]
[BlackElo "2161"]

1.e4 d5 2.exd5 Qxd5 3.Nc3 Qd6 4.d4 Nf6 5.Nf3 c6 6.g3 Bg4 7.Bg2 e6 8.O-O Be7
9.Be3 Nbd7 10.Qd2 Bxf3 11.Bxf3 Qc7 12.Rfe1 O-O 13.Bg5 Nb6 14.Rad1 Nbd5 15.Ne4 Nxe4
16.Bxe4 Bxg5 17.Qxg5 Qe7 18.Qc1 Nf6 19.Bg2 Rfd8 20.Re5 Qc7 21.c3 Qb6 22.Rde1 a5
23.h3 a4 24.Kh2 Ra5 25.f4 Nd7 26.Rxa5 Qxa5 27.Qc2 Ra8 28.Re2 g6 29.a3 Qf5
30.Be4 Qh5 31.Kg2 Nf6 32.Bf3 Qf5 33.Qd1 Nd5 34.Qd2 Qf6 35.c4 Nb6 36.c5 Nd7
37.Qb4 Ra7 38.Re1 h5 39.h4 Qd8 40.Kh3 Nf6 41.Qc4 Kg7 42.Re3 Ra8 43.b3 axb3
44.Rxb3 Ra7 45.a4 Qa5 46.Rb4 Ng8 47.Kg2 Nh6 48.Qc3 Kg8 49.Qb2 Qc7 50.Be4 Ng4
51.Bf3 Ne3+ 52.Kf2 Nf5 53.Be4 Nh6 54.Rb6 Qd7 55.a5 Ng4+ 56.Ke2 Nf6 57.Bf3 Nd5
58.Rb3  1/2-1/2

[Event "Vizag GM Open"]
[Site "Visakhapatnam IND"]
[Date "2011.11.26"]
[Round "5"]
[White "Minhazuddin,A"]
[Black "Chan Peng Kong"]
[Result "1-0"]
[WhiteElo "2388"]
[BlackElo "2274"]

1.e4 d5 2.exd5 Qxd5 3.Nc3 Qd6 4.d4 Nf6 5.Nf3 a6 6.Bc4 Bg4 7.h3 Bh5 8.g4 Bg6
9.Ne5 Nc6 10.Nxg6 hxg6 11.Be3 e6 12.Qf3 Qb4 13.Bb3 Qa5 14.O-O-O Bd6 15.d5 Ne5
16.Qe2 O-O-O 17.dxe6 fxe6 18.Bxe6+ Kb8 19.g5 Rhe8 20.gxf6 Rxe6 21.f4 Nd7
22.Ba7+ Kxa7 23.Qxe6 Nxf6 24.Qe3+ Kb8 25.Kb1 Qf5 26.Qd3 Nh5 27.Qxf5 gxf5
28.Rhg1 Rg8 29.Nd5 Nxf4 30.Nxf4 Bxf4 31.Rgf1 g5 32.h4 Bg3 33.hxg5 Rxg5 34.Rd5 Bd6
35.Rdxf5 Rg2 36.R5f2 Rg7 37.c3 Rh7 38.Kc2 Rh3 39.Kb3 Rh4 40.Re2 Ka7 41.Rf7 Rh6
42.Kc4 Rh5 43.Rg7 Rc5+ 44.Kb3 Rb5+ 45.Kc2 Rh5 46.b4 a5 47.a3 axb4 48.axb4 b5
49.Rf7 Kb6 50.Ref2 Rh4 51.R7f5 Rc4 52.Kb3 Bg3 53.R2f3 Bd6 54.Rd3 Be7 55.Rdd5 c6
56.Rd7 Bh4 57.Rff7  1-0

[Event "Frauenbundesliga 2011-12"]
[Site "Germany GER"]
[Date "2011.11.27"]
[Round "4.5"]
[White "Fuchs, Judith"]
[Black "Steinbacher, Claudia"]
[Result "1-0"]
[WhiteElo "2217"]
[BlackElo "2106"]

1.e4 d5 2.exd5 Qxd5 3.Nc3 Qd6 4.d4 Nf6 5.Nf3 Bg4 6.Bc4 c6 7.Be3 e6 8.h3 Bh5
9.g4 Bg6 10.Qe2 Nbd7 11.O-O-O Nb6 12.Bb3 Qc7 13.Ne5 O-O-O 14.h4 Be4 15.Nxe4 Nxe4
16.Bf4 Nd6 17.Nxf7 Nd5 18.Bxd5 exd5 19.Qe6+ Qd7 20.Qxd7+ Rxd7 21.Nxh8 Ne4
22.Rhf1 Bd6 23.Be5  1-0

[Event "3rd OCF Thanksgiving"]
[Site "Stillwater USA"]
[Date "2011.11.27"]
[Round "7.5"]
[White "Chikkala,Srikar"]
[Black "Crumpler,Ken"]
[Result "1/2-1/2"]
[WhiteElo "1810"]
[BlackElo "1753"]

1.e4 d5 2.exd5 Qxd5 3.Nc3 Qd6 4.d4 Nf6 5.Nf3 a6 6.Be3 b5 7.a3 Bb7 8.Be2 e6
9.O-O Be7 10.Ne5 Nbd7 11.Bf3 Bxf3 12.Qxf3 O-O 13.Nd3 Nb6 14.Ne4 Nxe4 15.Qxe4 Nd5
16.Bd2 Nf6 17.Qf4 Rfd8 18.c3 Qxf4 19.Bxf4 c5 20.Nxc5 Bxc5 21.dxc5 Rd5 22.b4 Ne4
23.Rac1 Rd3 24.Rfd1 Rxd1+ 25.Rxd1 Nxc3 26.Rd2 Nd5 27.Bd6 Rc8 28.Rc2 f6 29.g3 Kf7
30.Ra2 Ke8 31.Ra1 Nc3 32.f3 Kd7 33.Kf2 Kc6 34.Rc1 Nd5 35.Re1 Kd7 36.Ke2 g6
37.Kd3 h5 38.h3 g5 39.Rg1 Rg8 40.Kd4 Ne7 41.Kc3 Nf5 42.Re1 g4 43.fxg4 hxg4
44.h4 e5 45.Rd1  1/2-1/2

[Event "25th Belgrade Trophy"]
[Site "Obrenovac SRB"]
[Date "2011.11.28"]
[Round "5.6"]
[White "Pancevski,F"]
[Black "Milanovic,Da"]
[Result "1-0"]
[WhiteElo "2442"]
[BlackElo "2516"]

1.e4 d5 2.exd5 Qxd5 3.Nc3 Qd6 4.d4 Nf6 5.Nf3 g6 6.Nb5 Qd8 7.Bf4 Na6 8.c4 Bg7
9.Be2 O-O 10.O-O Ne4 11.Be5 c6 12.Bxg7 Kxg7 13.Nc3 Nxc3 14.bxc3 c5 15.Ne5 Qd6
16.Qd2 Rd8 17.Rfd1 Bf5 18.Rac1 Rab8 19.h3 Bd7 20.Qe3 Ba4 21.Rd2 Nc7 22.Nf3 Ne6
23.g3 Rbc8 24.Bf1 Nf8 25.Re1 Re8 26.Ne5 Nd7 27.f4 Nf6 28.Bg2 b6 29.g4 cxd4
30.cxd4 Nd7 31.Rc1 Qb4 32.a3 Qa5 33.Rf2 Nf8 34.f5 f6 35.Nd3 Bb3 36.Nb2 Ba2
37.g5 b5 38.c5 Rcd8 39.fxg6 hxg6 40.Qf4 f5 41.Qe5+ Kf7 42.d5 Qxa3 43.h4 Nd7
44.Qe6+ Kg7 45.h5 gxh5 46.Qh6+ Kg8 47.Qg6+  1-0

[Event "34th ch-GRE w"]
[Site "Athens GRE"]
[Date "2011.12.01"]
[Round "6"]
[White "Ikonomopoulou,M"]
[Black "Iordanidou,Z"]
[Result "0-1"]
[WhiteElo "2129"]
[BlackElo "2169"]

1.e4 d5 2.exd5 Qxd5 3.Nc3 Qd6 4.d4 Nf6 5.Nf3 c6 6.Ne5 Nbd7 7.Nc4 Qc7 8.Qf3 Nb6
9.Bf4 Qd8 10.Ne5 Qxd4 11.Rd1 Qc5 12.a3 Nbd7 13.Nc4 Qh5 14.Qe3 e6 15.Nd6+ Bxd6
16.Bxd6 Nb6 17.Bb4 Bd7 18.Be2 Qf5 19.Bd3 Nbd5 20.Nxd5 Nxd5 21.Qc5 Qe5+ 22.Be2 b6
23.Bc3 Qxe2+ 24.Kxe2 bxc5 25.Bxg7 Rg8 26.Be5 f6 27.Bd6 c4 28.Rd4 c3 29.b4 e5
30.Rh4 Bf5 31.g3 Bxc2 32.Rc1 Bf5 33.Rc4 Kd7 34.Bc5 a5 35.Rd1 c2 36.Rd2 Rg4
37.Rdxc2 Rxc4 38.Rxc4 axb4 39.axb4 Ra2+ 40.Ke1 Bd3 41.Rc1 Re2+ 42.Kd1 Rb2
43.h4 Nxb4  0-1

[Event "25th Belgrade Trophy"]
[Site "Obrenovac SRB"]
[Date "2011.12.01"]
[Round "8.33"]
[White "Stavnjak,L"]
[Black "Rajcevic,S"]
[Result "1-0"]
[WhiteElo "2235"]
[BlackElo "2067"]

1.e4 d5 2.exd5 Qxd5 3.Nc3 Qd6 4.d3 Nf6 5.h3 Bd7 6.Be2 Bc6 7.Bf3 a6 8.a3 e6
9.Be3 Nbd7 10.Qd2 Nb6 11.Bxb6 cxb6 12.Bxc6+ Qxc6 13.Nf3 Rc8 14.O-O Be7 15.Rfc1 O-O
16.Ne2 Rfd8 17.d4 b5 18.c3 Bd6 19.Qd3 Qc7 20.Re1 Nd5 21.Qe4 Nf6 22.Qh4 Qe7
23.Nc1 Nd5 24.Qe4 Nf6 25.Qe2 Nd5 26.Nd3 h6 27.Nfe5 Bxe5 28.Qxe5 b6 29.f4 Qf6
30.Qe4 Rc7 31.Rf1 Ne7 32.Rae1 Qh4 33.Qf3 g6 34.Kh2 h5 35.Nf2 Nd5 36.Ne4 Qe7
37.Ng5 Kg7 38.Qg3 Qf6 39.Re5 Kh8 40.Ne4 Qg7 41.Rg5 Re7 42.Qh4 f6 43.Rg3 f5
44.Ng5 Rde8 45.Nf3 Rf7 46.Ne5 Rf6 47.Nxg6+ Qxg6 48.Rxg6 Rxg6 49.Qxh5+ Kg7
50.Qe2 Rg8 51.Qf3 Kf7 52.Rf2 a5 53.Re2 a4 54.g3 Rh8 55.Kg2 Rgh6 56.h4 Rg8
57.Kf2 Rg4 58.Re5 Rhg6 59.Rxf5+ exf5 60.Qxd5+ Ke7 61.Qe5+ Kd8 62.h5 Rg8 63.h6 Rxg3
64.Qd5+ Ke7  1-0

[Event "25th Belgrade Trophy"]
[Site "Obrenovac SRB"]
[Date "2011.12.01"]
[Round "8.5"]
[White "Radlovacki,J"]
[Black "Savic,Miod1"]
[Result "0-1"]
[WhiteElo "2429"]
[BlackElo "2523"]

1.e4 d5 2.exd5 Qxd5 3.Nc3 Qd6 4.d4 Nf6 5.Nb5 Qd8 6.c4 c6 7.Nc3 g6 8.h3 Bg7
9.Be3 O-O 10.Nf3 Bf5 11.g4 Be6 12.Ng5 Bc8 13.Bg2 h6 14.Nf3 Nbd7 15.Qe2 Qc7
16.Rd1 b6 17.O-O Ba6 18.Nd2 Rad8 19.f4 e6 20.b4 Nd5 21.Nxd5 cxd5 22.b5 Bb7
23.cxd5 Bxd5 24.Bxd5 exd5 25.Nf3 Nf6 26.Rc1 Qe7 27.Ne5 Ne4 28.Nc6 Qh4 29.Rf3 Rde8
30.Qg2 Rc8 31.Kh2 Kh7 32.Rff1 Rfe8 33.f5 g5 34.f6 Bf8 35.Qf3 Bd6+ 36.Kg2 Qg3+
37.Qxg3 Nxg3 38.Rf3 Ne4 39.Rf5 Ba3 40.Re1 Nc3 41.Nxa7 Rc7 42.Bd2 Ra8 43.Bxc3 Raxa7
44.Bd2 Rc2 45.Rf2 Bd6 46.Be3 Raxa2 47.Kf3 Rxf2+ 48.Bxf2 Rb2 49.Re7 Rb3+ 50.Kg2 Kg6
51.Rd7 Bf4 52.Rxd5 Kxf6 53.Bg1 Rg3+ 54.Kf1 Rxh3  0-1

[Event "Vizag GM Open"]
[Site "Visakhapatnam IND"]
[Date "2011.12.01"]
[Round "11"]
[White "Dzhumaev,M"]
[Black "Danielsen,Hen"]
[Result "0-1"]
[WhiteElo "2485"]
[BlackElo "2542"]

1.e4 d5 2.exd5 Qxd5 3.Nc3 Qd6 4.d4 Nf6 5.Nf3 c6 6.Ne5 Nbd7 7.Nc4 Qc7 8.Be2 g6
9.Bg5 Bg7 10.Qd2 Nb6 11.O-O-O Be6 12.Bf4 Qd8 13.Ne5 Nbd5 14.Nxd5 Nxd5 15.Bh6 Bxh6
16.Qxh6 Nf6 17.d5 Bxd5 18.c4 Qc7 19.f4 Bxg2 20.Rhe1 Be4 21.Qg7 Rf8 22.Bd3 Bxd3
23.Rxd3 Nh5 24.Qxh7 Qa5 25.Rdd1 Rd8 26.Nxg6 Rxd1+ 27.Kxd1 Qd8+ 28.Kc2 Nf6
29.Qg7 fxg6 30.Qxg6+ Rf7 31.Rd1 Qc7 32.Qg5 Nh7 33.Qh5 Qxf4  0-1

[Event "London Classic FIDE Open"]
[Site "London ENG"]
[Date "2011.12.03"]
[Round "1"]
[White "Player,E"]
[Black "Jones,Steven A"]
[Result "1-0"]
[WhiteElo "2199"]
[BlackElo "1878"]

1.e4 d5 2.exd5 Qxd5 3.Nc3 Qd6 4.Nf3 Nf6 5.d4 a6 6.h3 Nc6 7.Bd3 g6 8.Ne2 Bg7
9.a3 e5 10.dxe5 Nxe5 11.Nxe5 Qxe5 12.O-O O-O 13.Be3 Rd8 14.Qc1 c5 15.Bf4 Qe8
16.Re1 Qc6 17.Ng3 Be6 18.Be5 c4 19.Bf1 b5 20.Qg5 h6 21.Qe3 Rd5 22.f4 Rad8
23.Be2 Bf8 24.Kh2 Bc5 25.Qc3 Bd4 26.Bxd4 Rxd4 27.Bf3 Qd6 28.Ne2 Rxf4 29.Nxf4 Qxf4+
30.Kh1 Nd5 31.Qe5 Qxe5 32.Rxe5 Nb6 33.Bb7 a5 34.Bc6 b4 35.Rxa5 bxa3 36.R5xa3 Rd2
37.Rc3 Kg7 38.Ra6 Nd5 39.Rxc4 Nc7 40.Rca4 Nxa6 41.Rxa6 Rxc2 42.b4 Kf8 43.b5 Ke7
44.Bf3 Bc4 45.Ra7+ Kd6 46.b6 Rb2 47.b7 Kc7 48.Ra8 Be6 49.Kh2 h5 50.Kg3 Rxb7
51.Bxb7 Kxb7 52.Rd8 Kc7 53.Rd2 Bd7 54.Kh4 Kd8 55.Kg5 Ke7 56.Kh6 Be6 57.Kg7 Bc4
58.h4 Be6 59.Re2 Kd6 60.Kf6 Kd5 61.Re5+ Kd6 62.Ra5 Bc4 63.Ra7 Bd5 64.g3  1-0

[Event "80th Anniversary Mollet GM"]
[Site "Mollet del Valles ESP"]
[Date "2011.12.03"]
[Round "2"]
[White "Lorenzo de la Riva,L"]
[Black "Gonzalez,RO"]
[Result "1-0"]
[WhiteElo "2380"]
[BlackElo "2278"]

1.e4 d5 2.exd5 Qxd5 3.Nc3 Qd6 4.d4 Nf6 5.Nf3 a6 6.g3 b5 7.Bg2 Bb7 8.O-O e6
9.Bf4 Qd8 10.a4 b4 11.Ne2 Be7 12.c4 O-O 13.a5 Nbd7 14.Qa4 c5 15.Ne5 Bxg2
16.Kxg2 Nxe5 17.dxe5 Nh5 18.Rfd1 Nxf4+ 19.gxf4 Qb8 20.Rd7 Ra7 21.Rad1 Qa8+
22.f3 Rxd7 23.Rxd7 Bh4 24.Ng3 Bxg3 25.hxg3 h5 26.Rd6 Rd8 27.Qd1 Rf8 28.b3 Rc8
29.Rd7 Qc6 30.Qd6 Qxd6 31.Rxd6 Ra8 32.Kf2 Kf8 33.Ke2 Ke7 34.Rb6 Ra7 35.Rb8 Kd7
36.g4 hxg4 37.fxg4 g6 38.Ke3 Ke7 39.Rb6 Kd7 40.f5 gxf5 41.gxf5 exf5 42.Kf4 Ke7
43.Kxf5 Rd7 44.Rxa6 Rd3 45.Ra7+ Ke8 46.Rb7 Rf3+ 47.Ke4 Rxb3 48.a6  1-0

[Event "8th Vasylyshyn Mem GM"]
[Site "Lviv UKR"]
[Date "2011.12.04"]
[Round "6"]
[White "Chekhov,S"]
[Black "Baghdasaryan,V"]
[Result "1/2-1/2"]
[WhiteElo "2421"]
[BlackElo "2362"]

1.e4 d5 2.exd5 Qxd5 3.Nc3 Qd6 4.g3 Nf6 5.Bg2 e5 6.Nge2 Nc6 7.O-O a6 8.d3 Be7
9.Bg5 O-O 10.Bxf6 Bxf6 11.Ne4 Qd8 12.Nxf6+ Qxf6 13.Nc3  1/2-1/2

[Event "London Classic FIDE Open"]
[Site "London ENG"]
[Date "2011.12.05"]
[Round "3"]
[White "Berg,E"]
[Black "Crouch,C"]
[Result "1-0"]
[WhiteElo "2566"]
[BlackElo "2366"]

1.e4 d5 2.exd5 Qxd5 3.Nc3 Qd6 4.d4 Nf6 5.Bc4 Bg4 6.f3 Bf5 7.Nge2 e6 8.Bf4 Qd7
9.Ng3 Bg6 10.Qe2 Bb4 11.h4 Nc6 12.O-O-O Bxc3 13.bxc3 Nd5 14.Bxd5 Qxd5 15.h5 Bf5
16.Bxc7 Rc8 17.c4 Nxd4 18.Qd2 Qxc4 19.Nxf5 exf5 20.Rhe1+ Kf8 21.Qxd4 Qxc7
22.Rd2 Kg8 23.Qd7 Qxd7 24.Rxd7 h6 25.Ree7 Kh7 26.Rxf7 Rhg8 27.Rxb7 Rc5 28.Rbc7 Rxc7
29.Rxc7 Re8 30.Rxa7 Re2 31.Rf7 Rxg2 32.Rxf5 g6 33.Rf7+ Kg8 34.hxg6 Rxg6 35.Rf4 h5
36.a4 Rh6 37.a5 h4 38.a6  1-0

[Event "London Classic FIDE Open"]
[Site "London ENG"]
[Date "2011.12.05"]
[Round "3"]
[White "Doran,C"]
[Black "Mohammad,As"]
[Result "0-1"]
[WhiteElo "2011"]
[BlackElo "2188"]

1.e4 d5 2.exd5 Qxd5 3.Nc3 Qd6 4.d4 Nf6 5.Nf3 a6 6.Bc4 b5 7.Bb3 Bb7 8.Be3 e6
9.a4 b4 10.Nb1 Nbd7 11.Nbd2 c5 12.Nc4 Qc7 13.Nce5 h6 14.Qe2 Bd6 15.Rd1 Bxe5
16.Nxe5 Nxe5 17.dxe5 Qxe5 18.O-O O-O 19.Qc4 Rac8 20.Qh4 Qxb2 21.Rfe1 Nd5
22.Bxd5 Bxd5 23.Bxh6 gxh6 24.Rd3 Kh7 25.Rh3 Qg7 26.Rg3 Qd4 27.Qh5 Qf6 28.Re5 Rg8  0-1

[Event "FSGM December 2011"]
[Site "Budapest HUN"]
[Date "2011.12.06"]
[Round "4"]
[White "Mihok,O"]
[Black "Szablowski,P"]
[Result "0-1"]
[WhiteElo "2472"]
[BlackElo "2433"]

1.e4 d5 2.exd5 Qxd5 3.Nc3 Qd6 4.d4 Nf6 5.Nf3 c6 6.g3 Bg4 7.Bg2 e6 8.O-O Be7
9.Bf4 Qd8 10.h3 Bh5 11.g4 Bg6 12.Ne5 Nfd7 13.Nxg6 hxg6 14.Re1 Nf6 15.Qd3 O-O
16.Rad1 Nbd7 17.Bg3 Nb6 18.Ne4 Nxe4 19.Qxe4 Bd6 20.Be5 Bxe5 21.dxe5 Qc7 22.Rd6 Rad8
23.Red1 Nc8 24.R6d4 Rd5 25.Qf4 Rxe5 26.Re4 f6 27.Rxe5 fxe5 28.Qe3 Nb6 29.b3 Qf7
30.c4 Qf4 31.Rd6 Qxe3 32.fxe3 Kf7 33.Rd2 Ke7 34.Be4 g5 35.Kg2 a5 36.Rd3 Ra8
37.Kf2 a4 38.Ke1 Ra7 39.Rd1 Ra8 40.Rd3 Ra7 41.Rd1 axb3 42.axb3 Ra3 43.Bc2 Nd7
44.Kd2 Nf6 45.Kc3 Ra8 46.Rf1 Rh8 47.Rf3 e4 48.Rg3 Kd6 49.Bd1 Ke5 50.Be2 Nd7
51.Kc2 c5 52.Kc3 Nb8 53.b4 Na6 54.bxc5 Nxc5 55.Kb4 Nd3+ 56.Kb5 Rc8 57.Rg1 Rc5+
58.Kb6 Rxc4 59.Kxb7 Rc2 60.Bd1 Rc1 61.Rf1 Nb2 62.Be2 Rxf1 63.Bxf1 Nd1  0-1

[Event "Ascona Gp B"]
[Site "Ascona SUI"]
[Date "2011.12.07"]
[Round "6.4"]
[White "Duport,N SUI"]
[Black "Foisor,O"]
[Result "1-0"]
[WhiteElo "2193"]
[BlackElo "2386"]

1.e4 d5 2.exd5 Qxd5 3.Nc3 Qd6 4.d4 Nf6 5.Nf3 g6 6.Nb5 Qb6 7.Bf4 Na6 8.Qd2 Bg7
9.O-O-O Bg4 10.Bc4 O-O 11.Rhe1 Bxf3 12.gxf3 Qc6 13.Na3 Nd5 14.Be5 Rad8 15.Bb5 Qb6
16.c4 Ndb4 17.c5 Qa5 18.Bxa6 bxa6 19.Bxg7 Kxg7 20.Nc2 Rb8 21.Nxb4 Rxb4 22.Rxe7 Rfb8
23.b3 Qb5 24.Qf4 Qxc5+ 25.dxc5 Rxf4 26.Rxc7 Rxf3 27.Rd2 Rb5 28.Rc2 Rf5 29.Kb2 a5
30.a4 Rb8 31.c6 Kf6 32.Rxa7 Rc8 33.c7  1-0

[Event "2nd JAHV McGregor Open"]
[Site "Bogota COL"]
[Date "2011.12.07"]
[Round "4"]
[White "Ruiz Aguilar,P"]
[Black "Tiviakov,S"]
[Result "0-1"]
[WhiteElo "2294"]
[BlackElo "2650"]

1.e4 d5 2.exd5 Qxd5 3.Nc3 Qd6 4.d4 Nf6 5.Nf3 g6 6.Bc4 Bg7 7.O-O O-O 8.Qe2 Bg4
9.Be3 c6 10.h3 Bxf3 11.Qxf3 e6 12.Rad1 Nbd7 13.Bf4 Qe7 14.Rfe1 Nb6 15.Bb3 a5
16.a4 Rfd8 17.Be5 Nbd5 18.Ne2 Nd7 19.Bxg7 Kxg7 20.c3 Qf6 21.Qg3 Rac8 22.Rd3 Ne7
23.Nf4 Kh8 24.Qe3 Nf5 25.Qc1 e5 26.dxe5 Nxe5 27.Rxd8+ Rxd8 28.Rd1 Re8 29.Nd3 Nxd3
30.Rxd3 Re2 31.Qf4 Kg7 32.Rd7 Ne7 33.Qxf6+ Kxf6 34.Rd6+ Kg7 35.Bc4 Rxb2 36.Rd7 Kf6
37.Rd6+ Ke5 38.Rd7 Nf5 39.Rxf7 h5 40.Bd3 Rb3 41.g3 Rxc3 42.Bxf5 gxf5 43.Rxb7 Rc4
44.Rh7 Rxa4 45.Rxh5 c5 46.g4 Rf4 47.g5 a4 48.Rh8 Rd4 49.Re8+ Kf4 50.g6 Rd6
51.Ra8 Rxg6+ 52.Kf1 c4 53.Rxa4 Rc6 54.Ke2 Ke4 55.h4 f4 56.f3+ Kd4 57.Kd2 Rg6
58.Ra8 Rg2+ 59.Kc1 Rh2 60.Rf8 Rxh4 61.Re8 Kd3 62.Rd8+ Ke3 63.Rc8 Rh1+ 64.Kc2 Kxf3
65.Rxc4 Kg3 66.Rc8 f3 67.Kd2 Ra1 68.Rg8+ Kf2 69.Rf8 Ra7 70.Rd8 Re7 71.Rd6 Kf1
72.Rd8 f2 73.Rg8 Rd7+ 74.Kc2 Rd5 75.Rg7 Ke2 76.Re7+ Kf3 77.Rf7+ Ke3 78.Rf8 Rd4
79.Re8+ Kf3 80.Rf8+ Rf4  0-1

[Event "FSFMA December 2011"]
[Site "Budapest HUN"]
[Date "2011.12.07"]
[Round "5"]
[White "Gal,Han"]
[Black "Mester,A"]
[Result "1/2-1/2"]
[WhiteElo "1924"]
[BlackElo "2084"]

1.e4 d5 2.exd5 Qxd5 3.Nc3 Qd6 4.d4 Nf6 5.Nge2 a6 6.Bf4 Qd8 7.Ng3 Nbd7 8.Be2 c6
9.Nge4 g6 10.Bf3 Bg7 11.O-O O-O 12.Qd2 Nb6 13.Rad1 Nfd5 14.Nxd5 cxd5 15.Nc3 e6
16.b3 Re8 17.a4 Bd7 18.Ne2 Bc6 19.Rfe1 Qd7 20.Nc1 Nc8 21.c3 b6 22.Nd3 f6
23.Bg4 Nd6 24.f3 Nf5 25.Re2  1/2-1/2

[Event "London Classic FIDE Open"]
[Site "London ENG"]
[Date "2011.12.07"]
[Round "5"]
[White "Pedersen,Ca"]
[Black "Calvert,D"]
[Result "1/2-1/2"]
[WhiteElo "2133"]
[BlackElo "1947"]

1.e4 d5 2.exd5 Qxd5 3.Nc3 Qd6 4.d4 Nf6 5.Nf3 c6 6.Ne5 Nbd7 7.Bf4 Nd5 8.Nxd5 Qxd5
9.Nf3 Nf6 10.Be2 Bf5 11.Bg3 h6 12.O-O e6 13.Re1 Be7 14.c4 Qd8 15.Qb3 Qb6
16.Qxb6 axb6 17.a3 O-O 18.h3 Rac8 19.Rad1 Rfd8 20.Bf4 Bd6 21.Be3 Bc7 22.Ne5 Nd7
23.Nxd7 Rxd7 24.Bf3 e5 25.g4 e4 26.Bg2 Bg6 27.Rc1 Re8 28.Rc2 f5 29.gxf5 Bxf5
30.Rd2  1/2-1/2

[Event "London Classic FIDE Open"]
[Site "London ENG"]
[Date "2011.12.07"]
[Round "5"]
[White "Yeo,M"]
[Black "Johnsen,Oystein"]
[Result "1-0"]
[WhiteElo "2152"]
[BlackElo "1949"]

1.e4 d5 2.exd5 Qxd5 3.Nc3 Qd6 4.d4 Nf6 5.Nf3 Bg4 6.h3 Bxf3 7.Qxf3 c6 8.Be3 Nbd7
9.O-O-O e6 10.g4 Nd5 11.Ne4 Qc7 12.Bd2 c5 13.dxc5 Nxc5 14.Bb5+ Nd7 15.Ng5 O-O-O
16.Nxf7 Ne5 17.Nxe5 Qxe5 18.Rhe1 Qc7 19.Bg5 Bd6 20.Bxd8 Rxd8 21.Qb3 Bb4 22.Re4 Bc5
23.Bc4 Qd6 24.Bxd5 exd5 25.Re2 Kb8 26.Qg3  1-0

[Event "2nd JAHV McGregor Open"]
[Site "Bogota COL"]
[Date "2011.12.08"]
[Round "6"]
[White "Bolivar,J"]
[Black "Nieto,G"]
[Result "1-0"]
[WhiteElo "2092"]
[BlackElo "1831"]

1.e4 d5 2.exd5 Qxd5 3.Nc3 Qd6 4.d4 Nf6 5.Nf3 c6 6.Bc4 Bg4 7.Be3 e6 8.h3 Bh5
9.O-O Be7 10.a3 O-O 11.Be2 Nbd7 12.Qd2 Qc7 13.Ne1 Bxe2 14.Qxe2 Nd5 15.Bd2 Nxc3
16.Bxc3 Nf6 17.Nd3 Rfd8 18.Rad1 Rac8 19.Rfe1 Nd5 20.Bd2 Bd6 21.Qf3 Nb6 22.Re4 Nd7
23.Bg5 Re8 24.Rde1 Be7 25.Rg4 Bxg5 26.Rxg5 Qd6 27.c3 Red8 28.Nf4 g6 29.h4 Nf8
30.Nd3 Qe7 31.Nc5 Rb8 32.Ne4 Kg7 33.Ng3  1-0

[Event "London Classic FIDE Open"]
[Site "London ENG"]
[Date "2011.12.08"]
[Round "6"]
[White "Ansell,S"]
[Black "Shepley,J"]
[Result "1-0"]
[WhiteElo "2389"]
[BlackElo "2043"]

1.e4 d5 2.exd5 Qxd5 3.Nc3 Qd6 4.d4 Nf6 5.Nf3 Bg4 6.h3 Bh5 7.g4 Bg6 8.Ne5 c6
9.Bg2 e6 10.Bf4 Qb4 11.Nxg6 hxg6 12.Qd3 Nbd7 13.a3 Qa5 14.O-O-O O-O-O 15.Qc4 Nb6
16.Qb3 Nbd5 17.Nxd5 Nxd5 18.Bg3 Bd6 19.Rhe1 Nf4 20.Bf1 g5 21.Kb1 Bc7 22.Qe3 Nd5
23.Qf3 Nf4 24.c3 Rd7 25.h4 Ng6 26.h5 Nf4 27.Qe4 Qd5 28.f3 Qb3 29.Bf2 Rd5
30.Qc2 Qxc2+ 31.Kxc2 g6 32.hxg6 Nxg6 33.Bc4 Rdd8 34.Rh1 Nf4 35.Be3 Kd7 36.Bd3 Ke7
37.Be4 Kf6 38.c4 Ng2 39.Bf2 Bf4 40.Kd3 Nh4 41.Ke2 Kg7 42.d5 f5 43.gxf5 exf5
44.Bd4+ Kf7 45.Bxh8 fxe4 46.Bd4 exf3+ 47.Kd3 cxd5 48.cxd5 a6 49.Kc4 Nf5 50.Bb6 Rc8+
51.Kd3 Kg6 52.Rhg1 Bh2 53.Rg4 Kh5 54.Rc4 Rxc4 55.Kxc4 Be5 56.Kd3 Bxb2 57.Bc7 Bxa3
58.Ke4 Nd6+ 59.Kxf3 Kg6 60.Rd3 Bb4 61.Rb3 a5 62.Bxd6 Bxd6 63.Rb6  1-0

[Event "Sportaccord WMG Rapid"]
[Site "Beijing CHN"]
[Date "2011.12.10"]
[Round "3"]
[White "Grischuk,A"]
[Black "Ivanchuk,V"]
[Result "1-0"]
[WhiteElo "2752"]
[BlackElo "2775"]

1.e4 d5 2.exd5 Qxd5 3.Nc3 Qd6 4.d4 Nf6 5.Nf3 c6 6.Bc4 Bg4 7.Be3 Nbd7 8.h3 Bh5
9.g4 Bg6 10.Nh4 e6 11.Nxg6 hxg6 12.Qf3 Nd5 13.Bd2 Nb4 14.O-O-O Qxd4 15.Qe2 Qe5
16.Ne4 Nc5 17.f3 Nd5 18.Kb1 Rd8 19.Rhe1 Nxe4 20.fxe4 Nb6 21.Bc3 Rxd1+ 22.Rxd1 Qc7
23.Bb3 Rxh3 24.Qd2 Nd7 25.a3 Be7 26.Bxg7 Nc5 27.e5 Qd8 28.Qe2 Qb6 29.Qd2 Qd8
30.Qe2 Qb6 31.Bf6 Nxb3 32.cxb3 Qxb3 33.Bxe7 Kxe7 34.Qd2 Qd5 35.Qg5+ Ke8 36.Rxd5 cxd5
37.Qf4  1-0

[Event "14th Metropolitan IM"]
[Site "Los Angeles USA"]
[Date "2011.12.10"]
[Round "6"]
[White "Akopian,R"]
[Black "Amanov,Z"]
[Result "0-1"]
[WhiteElo "2053"]
[BlackElo "2411"]

1.e4 d5 2.exd5 Qxd5 3.Nc3 Qd6 4.d4 Nf6 5.Nf3 Bg4 6.Be2 a6 7.Be3 Nc6 8.Qd2 e6
9.Bf4 Qd7 10.Ne5 Nxe5 11.Bxe5 Bf5 12.O-O Bd6 13.Bxd6 Qxd6 14.Rad1 O-O-O 15.Bf3 h5
16.Rfe1 Ng4 17.h3 Qh2+ 18.Kf1 Nf6 19.Qe3 Bxc2 20.Rc1 Bf5 21.Na4 Nd5 22.Bxd5 exd5
23.f3 Rh6 24.Qe5 Qxe5 25.Rxe5 Bd7 26.Nc5 b6 27.Nxd7 Rxd7 28.h4 Rh8 29.b4 g6
30.a4 Kb7 31.Kf2 Rhd8 32.g4 hxg4 33.fxg4 Rd6 34.Kg3 Rc6 35.Rxc6 Kxc6 36.Re7 Rf8
37.h5 Kd6 38.Re1 gxh5 39.gxh5 Rh8 40.Kg4 c5 41.bxc5+ bxc5 42.dxc5+ Kxc5 43.Rf1 d4
44.Rxf7 Rd8 45.Rf1 d3 46.Kf3 Kc4 47.Kf2 Rf8+ 48.Kg1 Rxf1+  0-1

[Event "14th Metropolitan IM"]
[Site "Los Angeles USA"]
[Date "2011.12.10"]
[Round "6"]
[White "Abrahamyan,T"]
[Black "Stopa,Ja"]
[Result "0-1"]
[WhiteElo "2264"]
[BlackElo "2482"]

1.e4 d5 2.exd5 Qxd5 3.Nc3 Qd6 4.d4 Nf6 5.Nf3 c6 6.Bc4 Bg4 7.Be3 Nbd7 8.h3 Bh5
9.Qe2 e6 10.Bb3 Qc7 11.O-O-O O-O-O 12.g4 Bg6 13.Nd2 Bb4 14.Na4 Nd5 15.a3 Be7
16.Rhe1 h5 17.Nc5 Nxc5 18.dxc5 hxg4 19.hxg4 Rh3 20.Bxd5 cxd5 21.Nb3 e5 22.Qb5 f6
23.Bd2 Qc6 24.Qb4 b6 25.f4 Be4 26.Be3 bxc5 27.Qa5 c4 28.Nd2 Bg6 29.f5 Bf7
30.c3 Rd7  0-1

[Event "Schachbundesliga 2011-12"]
[Site "Baden Baden GER"]
[Date "2011.12.11"]
[Round "7"]
[White "Nisipeanu,LD"]
[Black "Heinzel,O"]
[Result "1-0"]
[WhiteElo "2638"]
[BlackElo "2325"]

1.e4 d5 2.exd5 Qxd5 3.Nc3 Qd6 4.d4 Nf6 5.Nf3 c6 6.Ne5 Nbd7 7.Nc4 Qc7 8.Qf3 Nb6
9.Bf4 Qd7 10.Be5 Qg4 11.Qe3 Nbd5 12.Qd2 Ne4 13.Nxe4 Qxe4+ 14.Be2 Qxg2 15.O-O-O Qh3
16.Rhe1 f6 17.Bg3 Kf7 18.Ne3 Nxe3 19.Qxe3 e6 20.Qf4 g6 21.Kb1 Qf5 22.Qc7+ Be7
23.d5  1-0